Využitie Raspberry Pi na edukačné účely bakalárska práca CD

Guardado en:
Detalles Bibliográficos
Autor principal: Janočko, Daniel
Formato: Software Libro
Lenguaje:eslovaco
Publicado: Bratislava STU FCHPT 2013
Acceso en línea:Ver en el OPAC
Etiquetas: Agregar Etiqueta
Sin Etiquetas, Sea el primero en etiquetar este registro!

MARC

LEADER 00000nam a2200000 a 4500
005 20260127134116.0
007 co ugu
008 131031 2013 000 0 slo d
035 |a vtls010555225 
039 9 |y 201310311053  |z mschk03 
040 |a STUSCHK1  |b slo  |c STUSCHK1  |e AACR2 
100 1 |a Janočko, Daniel 
245 1 |a Využitie Raspberry Pi na edukačné účely  |b bakalárska práca CD  |c Daniel Janočko 
260 |a Bratislava  |b STU FCHPT  |c 2013 
300 |a 1 optický disk 
500 |a Obhájené: 08.07.2013 
500 |a Štud. program: Automatizácia, informatizácia a manažment v chémii a potravinárstve 
500 |a Štud. odbor: Automatizácia, priemyselné inžinierstvo 
500 |a Škol. pracovisko: Oddelenie informatizácie a riadenia procesov 
500 |a Evid. číslo: FCHPT-5415-44211 
910 |a SCHK95 
999 |c 4289  |d 4289